000 00238nam a2200097Ia 4500
008 220726s9999 xx 000 0 und d
020 _a9781920016432
100 _aVAN WYK , CHRI
_9171538
245 0 _aLEKUNUTU LA NKGONO RUBY
942 _cBK
_w561
_xJohn Tresidder
_y561
_zJohn Tresidder
999 _c728446
_d728445